Loading...
| Science - Biology | 0 | 5 | 0 | 1 | 50 | 73 | 98.00 | 1 | 4 |
| Literature - American Literature | 1 | 2 | 0 | 1 | 35 | 56 | 94.33 | 1 | 3 |
| Mythology | 1 | 2 | 1 | 2 | 30 | 29 | 91.67 | 1 | 2 |
| Science - Chemistry | 0 | 3 | 1 | 2 | 25 | 66 | 109.00 | 0 | 3 |
| Social Science | 0 | 3 | 1 | 2 | 25 | 98 | 118.00 | 0 | 1 |
| Literature - European Literature | 1 | 1 | 1 | 0 | 20 | 77 | 92.50 | 1 | 2 |
| Religion | 1 | 0 | 0 | 0 | 15 | 51 | 51.00 | 0 | 1 |
| Literature - British Literature | 1 | 1 | 2 | 1 | 15 | 53 | 103.50 | 1 | 1 |
| Philosophy | 1 | 0 | 0 | 0 | 15 | 54 | 54.00 | 1 | 1 |
| Literature - World Literature | 0 | 1 | 0 | 1 | 10 | 139 | 139.00 | 0 | 0 |
| Fine Arts - Other Fine Arts | 0 | 1 | 0 | 0 | 10 | 113 | 113.00 | 0 | 1 |
| Fine Arts - Visual Fine Arts | 0 | 1 | 0 | 0 | 10 | 117 | 117.00 | 0 | 0 |
| Fine Arts - Auditory Fine Arts | 0 | 1 | 0 | 0 | 10 | 105 | 105.00 | 0 | 0 |
| Science - Physics | 0 | 1 | 1 | 1 | 5 | 121 | 121.00 | 0 | 1 |
| History - American History | 0 | 0 | 1 | 0 | -5 | 0.00 | 0 | 0 |